Revista de derecho privado y comunitario 2016 - 3 : contratos. parte general /

Guardado en:
Formato: Libro
Idioma:Spanish
Publicado: Santa Fe : Rubinzal - Culzoni, 2017.
Edición:1a. ed. rev.
Materias:
Etiquetas: Agregar Etiqueta
Sin Etiquetas, Sea el primero en etiquetar este registro!
LEADER 00579nam a22001695a 4500
001 DER.der013329
008 180615s2017####ag#||||||||||||||#||spa||
005 20230609094250.0
245 1 0 |a Revista de derecho privado y comunitario 2016 - 3 :  |b contratos. parte general /  |c Alegría, Héctor. 
250 |a 1a. ed. rev. 
260 |a Santa Fe :  |b Rubinzal - Culzoni,  |c 2017. 
020 |a 9789873007323 
700 1 |a Alegría, Héctor,  |e dir. 
700 1 |a Mosset Iturraspe, Jorge,  |e dir. 
650 7 |a CONTRATOS CONEXOS 
650 7 |a CONTRATO DE ADHESION 
859 |a DERECHO  |b BIB. DERECHO  |h 346  |i REV  |p 008263